TV Show by Cast Reunion Photo Quiz Stats

 Plays Quiz Updated Dec 1, 2015

Score 0/20 Timer 05:00
5 Plays Today
% Correct
Seinfeld
92.9%
Star Trek
89.7%
Cheers
85.9%
The West Wing
85.8%
That '70s Show
85.6%
Happy Days
83.2%
Full House
82.6%
The X-Files
81.9%
Roseanne
80.9%
Home Improvement
80.9%
% Correct
Married ... with Children
76.6%
Taxi
69%
NYPD Blue
61.7%
Freaks and Geeks
60.5%
The Partridge Family
56.9%
The Wonder Years
56.5%
The Nanny
49.5%
In Living Color
44.2%
Firefly
37.7%
St. Elsewhere
27.7%

You're not logged in!

Compare scores with friends on all Sporcle quizzes.
OR
Log In

You Might Also Like...

Show Comments

Extras

Top Quizzes Today


Score Distribution

Your Account Isn't Verified!

In order to create a playlist on Sporcle, you need to verify the email address you used during registration. Go to your Sporcle Settings to finish the process.

Report this User

Report this user for behavior that violates our Community Guidelines.

Details: